|
|
|
|
| LEADER |
00000nab a2200000 4500 |
| 001 |
vtls011765440 |
| 003 |
SK-MaSNL |
| 005 |
20260319070804.0 |
| 008 |
180704|2018 xo |||| || ||00 0|hun |
| 015 |
|
|
|a SNBRB2018/07
|
| 040 |
|
|
|a DSZK
|b slo
|c DSZK
|e rda
|
| 041 |
|
|
|a hun
|
| 043 |
|
|
|a e-xo---
|
| 044 |
|
|
|a xo
|c SK
|
| 072 |
|
7 |
|a 796
|x Šport. Hry. Telesné cvičenia
|2 konspekt
|
| 080 |
|
|
|a 796.034.2
|x (437.6)
|2 2011
|
| 100 |
1 |
|
|a Nagy, Erika,
|d 1961-
|4 aut
|9 274133
|
| 245 |
1 |
0 |
|a Mozogjunk együtt!
|c Nagy Erika
|
| 300 |
|
|
|b Fotografie
|
| 336 |
|
|
|a text
|b txt
|2 rdacontent
|
| 337 |
|
|
|a bez média
|b n
|2 rdamedia
|
| 338 |
|
|
|a zväzok
|b nc
|2 rdacarrier
|
| 611 |
2 |
7 |
|a Mozogjunk együtt!
|d (2018 :
|c Topoľníky, Slovensko)
|2 dszk
|9 1086571
|
| 650 |
0 |
7 |
|a športové aktivity
|2 SNKPH
|9 49994
|
| 651 |
|
7 |
|a Topoľníky (Slovensko)
|2 SNKPHgeo
|9 26166
|
| 773 |
0 |
|
|t Csallóköz
|g Évf. 58, sz. 26 (2018), o. 46
|x 1336-3638
|
| 958 |
|
|
|a SK
|
| 958 |
|
|
|a HU
|
| 958 |
|
|
|a RG
|
| 999 |
|
|
|c 1786901
|d 1788831
|